Mechanics of materials (Record no. 6912)

000 -LEADER
fixed length control field 00506nam a2200205 a 4500
001 - CONTROL NUMBER
control field 6912
003 - CONTROL NUMBER IDENTIFIER
control field BD-DhUET
008 - FIXED-LENGTH DATA ELEMENTS--GENERAL INFORMATION
fixed length control field 750825s1976 nyua bi 001 0 eng
040 ## - CATALOGING SOURCE
Original cataloging agency DLC
Transcribing agency DLC
Modifying agency BD-DhUET
082 00 - DEWEY DECIMAL CLASSIFICATION NUMBER
Classification number 620.11
Item number POP/1976
100 ## - MAIN ENTRY--PERSONAL NAME
Personal name Popov, E. P.
245 00 - TITLE STATEMENT
Title Mechanics of materials
250 ## - EDITION STATEMENT
Edition statement 2nd ed.
260 ## - PUBLICATION, DISTRIBUTION, ETC. (IMPRINT)
Place of publication, distribution, etc. New Jersey
Name of publisher, distributor, etc. Prentice-Hall
Date of publication, distribution, etc. 1976
300 ## - PHYSICAL DESCRIPTION
Extent ix,589p.
Other physical details ill.
Dimensions 24 cm.
650 #0 - SUBJECT ADDED ENTRY--TOPICAL TERM
Topical term or geographic name as entry element Strength of materials
700 ## - ADDED ENTRY--PERSONAL NAME
Personal name Nagarajan, S.
700 ## - ADDED ENTRY--PERSONAL NAME
Personal name Lu, Z. A.
942 ## - ADDED ENTRY ELEMENTS (KOHA)
Koha item type General Book
Holdings
Location (home branch) Copy number Koha item type Source of classification or shelving scheme Koha date last seen Shelving location Withdrawn status Piece designation (barcode) Koha full call number Sublocation or collection (holding branch) Koha issues (times borrowed) Date acquired Damaged status Price effective from Not for loan Koha normalized classification for sorting Koha date last borrowed Lost status
Central Library, BUET1General Book 2023-12-17Circulation section 66175620.11/POP/1976Central Library, BUET22014-12-06 2014-12-06 620_110000000000000_POP_19762023-12-02 
Central Library, BUET2General Book 2014-12-07Circulation section 21010620.11/ POP/1976Central Library, BUET 2014-12-07 2014-12-07 620_110000000000000_POP_1976  
Central Library, BUET3General Book 2024-01-16Circulation section 7885620.11/POP/1976Central Library, BUET12014-12-07 2014-12-07 620_110000000000000_POP_19762023-12-11 
Central Library, BUET4Reading Item 2015-06-30Reading section 45480620.11/POP/1976Central Library, BUET 2015-06-30 2015-06-30 620_110000000000000_POP_1976